| 000 | 00601nam a22001697a 4500 | ||
|---|---|---|---|
| 999 |
_c19463 _d19463 |
||
| 008 | 240301b ||||| |||| 00| 0 eng d | ||
| 020 | _a9780525655244 | ||
| 082 |
_aDC 650.1 _bB934 2020 |
||
| 100 |
_aBurnett, Bill. _953741 |
||
| 245 |
_aDesigning your work life : _bhow to thrive and change and find happiness at work / _cBill Burnett and Dave Evans. |
||
| 260 |
_aNew York : _bAlfred A Khopf, _c©2020. |
||
| 300 |
_a292 pages : _billustrations ; _c22 cm. |
||
| 650 |
_aQuality of work life. _942183 |
||
| 650 |
_aJob satisfaction. _948655 |
||
| 700 |
_aEvans, Dave. _eauthor. _953742 |
||
| 942 |
_2ddc _cDC |
||